In Search of the Supreme, vol 3 / (Record no. 16100)
[ view plain ]
| 000 -LEADER | |
|---|---|
| fixed length control field | 00353cam a2200133ua 4500 |
| 003 - CONTROL NUMBER IDENTIFIER | |
| control field | OSt |
| 008 - FIXED-LENGTH DATA ELEMENTS--GENERAL INFORMATION | |
| fixed length control field | 191106b ||||| |||| 00| 0 eng d |
| 082 ## - DEWEY DECIMAL CLASSIFICATION NUMBER | |
| Classification number | 320.58 |
| Item number | GAN/IN |
| 100 ## - MAIN ENTRY--AUTHOR NAME | |
| Personal name | Gandhi, M.K . |
| 245 ## - TITLE STATEMENT | |
| Title | In Search of the Supreme, vol 3 / |
| 260 ## - PUBLICATION, DISTRIBUTION, ETC. (IMPRINT) | |
| Place of publication | Ahmadabad : |
| Name of publisher | Navajivan publishing house , |
| Year of publication | 1961. |
| 300 ## - PHYSICAL DESCRIPTION | |
| Number of Pages | 344 ; . |
| 942 ## - ADDED ENTRY ELEMENTS (KOHA) | |
| Koha item type | Books |
| Withdrawn status | Lost status | Damaged status | Home library | Current library | Date acquired | Cost, normal purchase price | Full call number | Accession Number | Koha item type |
|---|---|---|---|---|---|---|---|---|---|
| Withdrawn | Damaged | KAUAET | KAUAET | 06/11/2019 | 5.00 | 320.58 GAN/IN | 2270 | Books |
